000 00313nam a22001337a 4500
008 171030b xxu||||| |||| 00| 0 eng d
020 _a9780324289329
041 _aeng
080 _22ND
_a336
100 _a57
101 _aFIN
245 _aCORPORATE FINANCE A FOCUSED APPROACH
_cEHRHARDT,M.C
942 _2udc
_cBK
999 _c36426
_d36426